Rebelión en la granja : 1984 /
Spremljeno u:
| Glavni autor: | |
|---|---|
| Format: | Knjiga |
| Jezik: | španjolski |
| Izdano: |
México :
Porrúa,
2019, c2019
|
| Serija: | (Sepan Cuántos ;
707) |
| Oznake: |
Bez oznaka, Budi prvi tko označuje ovaj zapis!
|
MARC
| LEADER | 00000nam^a2200000^a^4500 | ||
|---|---|---|---|
| 001 | 000448503 | ||
| 005 | 20260320000000.0 | ||
| 009 | 20260407173353.052 | ||
| 020 | |a 978-970-07-5906-7 | ||
| 037 | |a Acervo ITESO - Biblioteca | ||
| 041 | |a ESP | ||
| 091 | |a SLP. 00018 | ||
| 100 | |a Orwell, George |e (autor) | ||
| 245 | 1 | 0 | |a Rebelión en la granja : |b 1984 / |c G. Orwell. |
| 264 | 4 | |a México : |b Porrúa, |c 2019, c2019 | |
| 300 | |a XXXII, 349 p. | ||
| 336 | |a texto |b txt |2 rdacontenido | ||
| 337 | |a sin mediación |b n |2 rdamedio | ||
| 338 | |a volumen |b nc |2 rdasoporte | ||
| 440 | 1 | |a (Sepan Cuántos ; |v 707) | |
| 649 | |a XX | ||
| 910 | |a Fondo General | ||
| 920 | |a Impresos - Libros | ||
| 930 | |a Sala de Lectura por Placer | ||
| 940 | |a Literatura | ||
| 905 | |a 132 | ||
| 901 | |a 0500373660 |b IT2 |c SLP |i SL 25 |u 20250521 | ||
| 902 | |a https://opac.biblio.iteso.mx/vufind/Record/000448503 | ||